|
|
|
|
| LEADER |
01648cas a2200265 a 4500 |
| 001 |
AALejournalIMF005352 |
| 008 |
230101c9999 xx r poo 0 0eng d |
| 020 |
|
|
|c 5.00 USD
|
| 020 |
|
|
|z 9781451870886
|
| 022 |
|
|
|a 1018-5941
|
| 040 |
|
|
|a BD-DhAAL
|c BD-DhAAL
|
| 100 |
1 |
|
|a Melkonyan, Tigran.
|
| 245 |
1 |
0 |
|a Garbage In, Gospel Out? :
|b Controlling for the Underreporting of Remittances /
|c Tigran Melkonyan, David Grigorian, J. Scott Shonkwiler.
|
| 264 |
|
1 |
|a Washington, D.C. :
|b International Monetary Fund,
|c 2008.
|
| 300 |
|
|
|a 1 online resource (19 pages)
|
| 490 |
1 |
|
|a IMF Working Papers
|
| 500 |
|
|
|a <strong>Off-Campus Access:</strong> No User ID or Password Required
|
| 500 |
|
|
|a <strong>On-Campus Access:</strong> No User ID or Password Required
|
| 506 |
|
|
|a Electronic access restricted to authorized BRAC University faculty, staff and students
|
| 520 |
3 |
|
|a Empirical studies that use self-reported data on remittances to measure the latter's impact on microeconomic incentives mostly ignore the potential errors associated with reporting/measurement issues. An econometric procedure to control for these errors is developed and applied to household-level data from Armenia. We find evidence of systematic under-reporting of remittances. After controlling for this, we find a strong negative impact of remittances on incentives to work.
|
| 538 |
|
|
|a Mode of access: Internet
|
| 700 |
1 |
|
|a Grigorian, David.
|
| 700 |
1 |
|
|a Shonkwiler, J. Scott.
|
| 830 |
|
0 |
|a IMF Working Papers; Working Paper ;
|v No. 2008/230
|
| 856 |
4 |
0 |
|z Full text available on IMF
|u http://elibrary.imf.org/view/journals/001/2008/230/001.2008.issue-230-en.xml
|z IMF e-Library
|